ईश्वर अनागारिक है / (Record no. 113115)

MARC details
000 -LEADER
fixed length control field 01126nam a22002537a 4500
005 - DATE AND TIME OF LATEST TRANSACTION
control field 20170124102948.0
010 ## - LIBRARY OF CONGRESS CONTROL NUMBER
LC control number B-040455
020 ## - INTERNATIONAL STANDARD BOOK NUMBER
Terms of availability 100.00
International Standard Book Number 818716007
035 ## - SYSTEM CONTROL NUMBER
System control number B-040455
037 ## - SOURCE OF ACQUISITION
Source of stock number/acquisition Cen Lib/Ret
040 ## - CATALOGING SOURCE
Original cataloging agency DPL
Language of cataloging HN
082 ## - DEWEY DECIMAL CLASSIFICATION NUMBER
Classification number 821
Item number प्रभुना
100 ## - MAIN ENTRY--PERSONAL NAME
Personal name प्रभु नारायण विधार्थी
9 (RLIN) 50695
245 ## - TITLE STATEMENT
Title ईश्वर अनागारिक है /
Statement of responsibility, etc प्रभु नारायण विधार्थी
246 ## - VARYING FORM OF TITLE
Title proper/short title Ishwaranagarik hai /
Remainder of title by Prabhu Narayan Vidyarthi
260 ## - PUBLICATION, DISTRIBUTION, ETC. (IMPRINT)
Place of publication, distribution, etc नई दिल्ली
Name of publisher, distributor, etc पुस्तक भवन
Date of publication, distribution, etc 2001
270 ## - ADDRESS
Address आर० जेड० 35 बी गली न० -1 ए, कैलाशपूरी एक्सटेंशन
City नई दिल्ली
Postal code 110045
300 ## - PHYSICAL DESCRIPTION
Extent 104पृ.
Dimensions 21सेमी (सजिल्द)
650 ## - SUBJECT ADDED ENTRY--TOPICAL TERM
Topical term or geographic name as entry element हिंदी साहित्य
9 (RLIN) 50696
650 ## - SUBJECT ADDED ENTRY--TOPICAL TERM
Topical term or geographic name as entry element हिंदी--काव्य
9 (RLIN) 50697
650 ## - SUBJECT ADDED ENTRY--TOPICAL TERM
Topical term or geographic name as entry element Hindi literature
9 (RLIN) 50698
650 ## - SUBJECT ADDED ENTRY--TOPICAL TERM
Topical term or geographic name as entry element Hindi--Poetry
9 (RLIN) 50699
942 ## - ADDED ENTRY ELEMENTS (KOHA)
Source of classification or shelving scheme Dewey Decimal Classification
Koha item type Hindi Books
Classification part 821
Call number suffix प्रभुना
Holdings
Withdrawn status Lost status Damaged status Not for loan Home library Current library Date acquired Source of acquisition Cost, normal purchase price Total Checkouts Full call number Barcode Date last seen Copy number Cost, replacement price Price effective from Koha item type
        Central Library Central Library 11/08/2015 Cen Lib/Ret 100.00   821 प्रभुना B-040455 11/08/2015 1 100.00 11/08/2015 Hindi Books

© Delhi Public Library
Hit Counter
free hit counter